000 00782cam a2200313 4500
001 J2053
008 090401t1994 xxu||||| |||| 00| 0 eng d
035 _a(Sirsi) u46900
041 _aeng
050 _a333.337094294
110 _aDTZ Debenham Thorpe
_92895
245 _aSouth Wales annual property review 1993.
260 _aCardiff
_bDTZ Debenham Thorpe
_c1994
300 _a23p. : ill. ; 30cm.
350 _a0
650 _aCARDIFF
650 _aINDUSTRIAL PROPERTY
650 _aNEWPORT
650 _aOFFICES
650 _aPROPERTY INVESTMENT
650 _aPROPERTY MARKET
650 _aRENT
650 _aRETAIL PROPERTY
650 _aSOUTH WALES
650 _aSWANSEA
690 _aPROPERTY-COMMERCIAL PROPERTY
942 _n0
948 _c04/03/1997
999 _c92035
_d92035